Vista normal
Vista MARC
Entrada Materia (tema)
Número de registros utilizados en: 1
001 - CONTROL NUMBER
- control field: 84150
003 - CONTROL NUMBER IDENTIFIER
- control field: Co-BoUCM
005 - DATE AND TIME OF LATEST TRANSACTION
- control field: 20170215074414.0
008 - FIXED-LENGTH DATA ELEMENTS
- fixed length control field: 170215|| aca||aabn | a|a d
040 ## - CATALOGING SOURCE
- Original cataloging agency: Co-BoUCM
- Transcribing agency: Co-BoUCM
150 ## - HEADING--TOPICAL TERM
- Topical term or geographic name as entry element: Relatos de viajes
- Geographic subdivision: Colombia
- Chronological subdivision: Siglo XVIII
670 ## - SOURCE DATA FOUND
- Source citation: Work cat.: (Co-BoUCM)306018: Santa Gertrudis, Juan de 1724-1799 Fray 84148, Maravillas de la naturaleza, 1994